Chargement en cours...

വണ്ടിക്കാളകള്‍ Vandikkalakal

Détails bibliographiques
Auteur principal: Madhavikkutty
Format: Printed Book
Publié: Kozhikode Mathrubhumi books 2016
Sujets:
LEADER 00521nam a22001457a 4500
020 |a 9788182669390 
082 |a 813.1 MAD/VA 
100 |a Madhavikkutty 
245 |a വണ്ടിക്കാളകള്‍  |b Vandikkalakal 
260 |a Kozhikode  |b Mathrubhumi books  |c 2016 
300 |a 144p 
650 |a Malayalam Novel 
942 |c BK 
999 |c 169450  |d 169450 
952 |0 0  |1 0  |2 ddc  |4 0  |6 894_812300000000000_MAD_VA  |7 0  |9 174499  |a KAUCOAP  |b KAUCOAP  |c GEN  |d 2017-03-24  |l 3  |o 894.8123 MAD/VA  |p KAU_COAP09686  |r 2019-04-26  |s 2019-04-08  |w 2017-03-24  |y BK